10 Random Numbers 1-40 - Blind Ranking - Statistics

General Stats
  • This quiz has been taken 174 times
  • The average score is 6 of 10
Answers on the Map
Answers color-coded by a green-red scale on the quiz's map according to % correct below.
 
Answer Stats
Number % Correct
17
100%
32
100%
36
100%
37
100%
4
83%
33
80%
39
80%
40
80%
10
75%
28
75%
6
75%
18
71%
7
71%
12
67%
13
67%
14
67%
15
67%
16
67%
23
67%
25
67%
31
67%
34
67%
38
67%
5
60%
21
57%
24
57%
29
50%
22
44%
26
40%
8
40%
9
40%
19
33%
2
33%
3
33%
35
33%
1
20%
20
17%
27
17%
30
17%
11
0%
No matching quizzes found
Score Distribution
Percent of People with Each Score
Percentile by Number Answered
Your Score History
You have not taken this quiz